000 00800nam a2200265Ia 4500
003 OSt
005 20220928124323.0
006 a|||||r|||| 00| 0
007 ta
008 220927b |||||||| |||| 00| 0 eng d
020 _c12096
024 _a125301
037 _b209, 17/12/2014, Classic Book Service
_cTextual
040 _aSDCL
_cSDCL
_beng
041 _2eng
_aeng
082 _aD65,5, Q3
100 _aRahman B.M Azizur
_9435201
245 0 _aFinite element modeling methods for photonics
260 _aBoston
_bArtech House
_c2013
300 _axv;247p.
_ccm.
650 _aElectronic Science
700 _a Agrawal Arti
_9419872
942 _hD65,5, Q3
_cTEXL
_2CC
999 _c777278
_d777278